000
00332nam a22001097a 4500
040
_c
SK
082
_a
624
100
_a
អឺុម ឈួន
245
_a
លំនាំនៃការវិភាគដី ជាធម្មតាក្នុងធរណីសាស្រ្ត
260
_a
RUA
_b
អឹុម
_c
1989
942
_c
KB
999
_c
9601
_d
9601